=LDR 00000nam 2200000 4500 =001 INLIS000000000014288 =990 ##$$a 21006708 =005 20201211100120 =990 ##$$a 30501977 =035 ##$$a 0010-061300000014288 =990 ##$$a 30501978 =008 201211################g##########0#ind## =990 ##$$a 30501979 =041 ##$$a ind =990 ##$$a 30501980 =082 ##$$a 297.63 =990 ##$$a 21006705 =090 ##$$a 174.4, Bee e =990 ##$$a 21008707 =100 ##$$a Muhammad =990 ##$$a 21006706 =245 1#$$a Etika bisnis islami /$c Muhammad, M.Ag =990 ##$$a 21006707 =260 ##$$a Yogyakarta :$b Akademi Manajemen Perusahaan YKPN,$c 2004 =300 ##$$a xviii, 270 hlm. : $b ilus. ; $c 14 x 20 cm =650 #4$$a Ekonomi Islam =850 ##$$a NBPNMAT =020 ##$$a 979-8170-97-0 =084 ##$$a 297.63 MUH e =250 ##$$a Cet. 1 =520 ##$$a Indeks : hlm. 129 - 132 =500 ##$$a Judul asli : islamic business athics internasional institut of islamic thought =990 ##$$a 21006708 =990 ##$$a 30501977 =990 ##$$a 30501978 =990 ##$$a 30501979 =990 ##$$a 30501980 =990 ##$$a 21006705 =990 ##$$a 21008707 =990 ##$$a 21006706 =990 ##$$a 21006707